000
00238nam a2200097Ia 4500
008
220204s9999 xx 000 0 und d
082
_a
338.45:633.72(540)
_b
TEA
245
4
_a
The tea industry in India
260
_b
NABARD
_c
2005
942
_c
BK
999
_c
44201
_d
44201